000 01807nam a2200241Ia 4500
003 Ost
005 20260507074915.0
008 260507s9999||||xx |||||||||||||| ||und||
020 _a9957121324
040 _cfsecg
041 _aara
082 _a630.1
100 _aالسامرائي، هاشم علوان
_eمؤلف
245 0 _aإدارة الأعمال المزرعية /
_c هاشم علوان السامرائي
260 _aعمان:
_bدار اليازوري العلمية للنشر و التوزيع,
_c2008
300 _a300 صفحة؛
_bإيضاحات ؛
_c24 سم
520 _aمفاهيم اولية في علم ادارة المزارع، تكاليف الانتاج، مبدأ تعيين أحسن مستوى للانتاج، مبدأ العوائد الحدية المتساوية، مبدأ تكاليف الفرص البديلة، مبدأ الاحلال والاستبدال، نظرية التكاليف المقارنة، مقاييس الكفاءة الاقتصادية في المزرعة، حجم المزرعة، طريقة المزرعة النموذجية أو القياسية، الميزانية الكاملة والجزئية، طريقة الاحلال أو الاستبدال، طريقة المقارنة المباشرة، طريقة البرمجة الخطية، حسابات المزرعة، الاندثار وطرق حسابه، اقتصاديات شراء المزرعة وطرق تقييم الأرض والمنشآت العقارية، ادارة العمل في المزرعة بكفاءة، ادارة رأس المال بكفاءة في المزرعة، المزارع الجماعية في العراق
653 _aالادارة
653 _aالانتاج
653 _aالزراعة
653 _aالميزانية
942 _cكتاب
999 _c41763
_d41763